1. Отчет по осмотру тульских паровозных и московских вагонных мастерских Московско-Курской жел. дор. и главных мастерских Моск.-Брестской жел. дор., произведенному в августе месяце 1909 года по поручению г. Председателя Высочайше учрежденной Особой Высшей Комиссии для всестороннего исследования железнодорожного дела в России. 2. Реорганизация главных железнодорожных мастерских по принципам современного интенсивного механического производства

Podrobná bibliografie
Hlavní autor: Риццони П. П.
Korporativní autor: Высочайше учрежденная Особая Высшая Комиссия для всестороннего исследования железнодорожного дела в России(1908-1913)
Shrnutí:Текст в русской дореформенной орфографии
Jazyk:ruština
Vydáno: Санкт-Петербург, Типография М. Д. Ломковского, 1910
Edice:[Труды]
Témata:
Médium: MixedMaterials Kniha
KOHA link:https://koha.lib.tpu.ru/cgi-bin/koha/opac-detail.pl?biblionumber=314505

MARC

LEADER 00000nam0a2200000 4500
001 314505
005 20231102002702.0
035 |a (RuTPU)RU\TPU\book\339926 
090 |a 314505 
100 |a 20160216d1910 k y0rusy50 ca 
101 0 |a rus 
102 |a RU 
105 |a a z 000zy 
200 1 |a 1. Отчет по осмотру тульских паровозных и московских вагонных мастерских Московско-Курской жел. дор. и главных мастерских Моск.-Брестской жел. дор., произведенному в августе месяце 1909 года по поручению г. Председателя Высочайше учрежденной Особой Высшей Комиссии для всестороннего исследования железнодорожного дела в России. 2. Реорганизация главных железнодорожных мастерских по принципам современного интенсивного механического производства  |f П. П. Риццони  |g Высочайше учрежденная Особая Высшая Комиссия для всестороннего исследования железнодорожного дела в России(1908-1913) 
210 |a Санкт-Петербург  |c Типография М. Д. Ломковского  |d 1910 
215 |a 67 с.  |c ил. 
225 1 |a [Труды]  |h В. XXIV 
300 |a Текст в русской дореформенной орфографии 
316 |5 63413507: М-132428  |a На титульном листе и далее владельческий штамп: "Из книг инж. И. Н. Бутакова" 
316 |5 63413507: М-132428  |a На титульном листе владельческая подпись: "Бутаков" 
317 |5 63413507: М-132428  |a Поступила в НТБ в 1970 г. в составе книжного собранияч профессора ТПИ И. Н. Бутакова 
606 1 |a Железнодорожные здания и постройки  |2 stltpush  |3 (RuTPU)RU\TPU\subj\10404  |9 37484 
610 1 |a железнодорожные мастерские 
610 1 |a железнодорожные вагоны 
610 1 |a паровозы 
610 1 |a ремонт 
610 1 |a ремонтно-обслуживающие предприятия 
610 1 |a владельческие знаки 
610 1 |a владельческая надпись 
610 1 |a библиотека И. Н. Бутакова 
675 |a 625.16  |v 4 
700 1 |a Риццони  |b П. П. 
712 0 2 |a Высочайше учрежденная Особая Высшая Комиссия для всестороннего исследования железнодорожного дела в России(1908-1913) 
801 1 |a RU  |b 63413507  |c 20160216 
801 2 |a RU  |b 63413507  |c 20190729  |g RCR 
942 |c BK